[Event "Ludwigshafen-ch 12th"]
[Site "Ludwigshafen"]
[Date "1998.??.??"]
[Round "1"]
[White "Schoene, Martin"]
[Black "Froehlich, Patrick"]
[Result "0-1"]
[WhiteElo "100"]
[BlackElo "1721"]
[PlyCount "94"]
[EventDate "1998.??.??"]
[EventType "swiss"]
[EventRounds "7"]
[EventCountry "GER"]
[SourceTitle "EXT 2001"]
[Source "ChessBase"]
[SourceDate "2000.11.22"]
[SourceVersion "1"]
[SourceVersionDate "2000.11.22"]
[SourceQuality "1"]

1. e4 e6 2. d4 d5 3. exd5 exd5 4. Nc3 c6 5. Nf3 Bd6 6. Be2 Ne7 7. Bg5 0-0 8. 0-0 h6 9. Bxe7 Qxe7 10. Re1 Qc7 11. Bd3 Bg4 12. g3 Qb6 13. Na4 Qa5 14. b3 Nd7 15. Nb2 Ba3 16. Rb1 Bxb2 17. Rxb2 Bxf3 18. Qxf3 Qxe1+ 19. Kg2 Qe6 20. c4 Qf6 21. Qg4 Nb8 22. Re2 Na6 23. Re5 g6 24. Rh5 Qg7 25. Re5 Rae8 26. f4 Rxe5 27. fxe5 f6 28. e6 f5 29. Qe2 Nb4 30. Bb1 Qe7 31. g4 f4 32. Kf3 Qf6 33. e7 Re8 34. Qe5 Qxe5 35. dxe5 g5 36. Bf5 Rxe7 37. e6 Kg7 38. a3 Na6 39. h4 Kf6 40. hxg5+ hxg5 41. Kg2 Rxe6 42. Bxe6 Kxe6 43. cxd5+ cxd5 44. Kf2 d4 45. Kf3 Nc5 46. b4 Nd3 47. Ke2 Ne5 0-1

[Event "Ludwigshafen-ch 12th"]
[Site "Ludwigshafen"]
[Date "1998.??.??"]
[Round "3"]
[White "Schoene, Martin"]
[Black "Weihrauch, Guenter"]
[Result "1-0"]
[WhiteElo "100"]
[BlackElo "1089"]
[PlyCount "87"]
[EventDate "1998.??.??"]
[EventType "swiss"]
[EventRounds "7"]
[EventCountry "GER"]
[SourceTitle "EXT 2001"]
[Source "ChessBase"]
[SourceDate "2000.11.22"]
[SourceVersion "1"]
[SourceVersionDate "2000.11.22"]
[SourceQuality "1"]

1. e4 e6 2. d4 d5 3. exd5 exd5 4. Nf3 Nd7 5. Bb5 c6 6. Ba4 Bd6 7. 0-0 Bb8 8. Qe2+ Ne7 9. Bg5 f6 10. Bh4 0-0 11. Re1 Rf7 12. c4 Nb6 13. Bb3 Qc7 14. Bg3 Qd7 15. c5 Bxg3 16. fxg3 g6 17. cxb6 Nf5 18. Nbd2 axb6 19. Qe8+ Qxe8 20. Rxe8+ Kg7 21. Rae1 Nh6 22. Rd8 f5 23. Ree8 Ra5 24. Rxc8 Kf6 25. Ng5 Kxg5 26. Nf3+ Kh5 27. Bd1 Ng4 28. Ne5 Kg5 29. Nxf7+ Kf6 30. Rf8 Ke7 31. Rce8+ Kd7 32. Ne5+ Nxe5 33. dxe5 c5 34. e6+ Kd6 35. Rf6 Ke5 36. Rf7 d4 37. Rxb7 b5 38. e7 Ke6 39. Rf8 Kd5 40. e8Q Kc4 41. Qe2+ Kb4 42. a3+ Rxa3 43. bxa3+ Kc3 44. Qc2# 1-0